Ελεύθερος να υπακούς : το μάνατζμεντ από το ναζισμό μέχρι σήμερα
Αποθηκεύτηκε σε:
| Κύριος συγγραφέας: | |
|---|---|
| Μορφή: | Βιβλίο |
| Γλώσσα: | Greek |
| Δημοσίευση: |
Αθήνα :
Άγρα,
2021.
|
| Θέματα: | |
| Ετικέτες: |
Προσθήκη ετικέτας
Δεν υπάρχουν, Καταχωρήστε ετικέτα πρώτοι!
|
MARC
| LEADER | 00000cam a2200000 a 4500 | ||
|---|---|---|---|
| 001 | 1/123768 | ||
| 008 | 211020s2021####gr ||||||| |||| ||gre|| | ||
| 020 | |a 9789605054786 | ||
| 040 | |a GR-MyUa |b gre |c GR-MyUa |e AACR2 | ||
| 041 | 1 | |a gre | |
| 082 | 7 | |a 320.533 |2 (23) | |
| 100 | 1 | |a Chapoutot, Johann. | |
| 245 | 1 | 0 | |a Ελεύθερος να υπακούς : |b το μάνατζμεντ από το ναζισμό μέχρι σήμερα / |c Johann Chapoutot ; μετάφραση: Γιάννης Σιδέρης. |
| 260 | |a Αθήνα : |b Άγρα, |c 2021. | ||
| 300 | |a 180 σ. ; |c 21 εκ. | ||
| 500 | |a Τίτλος πρωτοτύπου: Libres d' obeir. | ||
| 600 | 1 | 0 | |a Höhn, Reinhard, |d 1904-2000. |
| 650 | 0 | |a National socialism |z Germany. | |
| 651 | 0 | |a Germany |x History |y 1933-1945. | |
| 852 | |a INST |b LESVOS |e 20211020 |h 320.533 CHA |p 005100063116 |q 005100063116 |t BK |y 0 | ||
| 970 | |a Δημάκη |b Μαρία |z 20-10-2021 | ||